Aventuras del Barón de Munchhausen / (Registro nro. 151640)

Detalles MARC
000 -LEADER
campo de control de longitud fija 01007nam a22002415i 4500
001 - NÚMERO DE CONTROL
campo de control 151640
003 - IDENTIFICADOR DE NÚMERO DE CONTROL
campo de control ES-MaACL
005 - FECHA Y HORA DE LA ÚLTIMA TRANSACCIÓN
campo de control 20251003165642.0
008 - DATOS DE LONGITUD FIJA--INFORMACIÓN GENERAL
campo de control de longitud fija 921218s1883 sp a |||| | spa d
040 ## - FUENTE DE CATALOGACIÓN
Centro catalogador/agencia de origen CAT
Lengua de catalogación spa
Centro/agencia transcriptor CAT
Centro/agencia modificador CCPB
080 #4 - NÚMERO DE LA CLASIFICACIÓN DECIMAL UNIVERSAL
Número de la Clasificación Decimal Universal 830-31"18"
245 00 - MENCIÓN DEL TÍTULO
Título Aventuras del Barón de Munchhausen /
Mención de responsabilidad, etc. versión castellana de Cecilio Navarro.
260 ## - PUBLICACIÓN, DISTRIBUCIÓN, ETC.
Lugar de publicación, distribución, etc. Barcelona :
Nombre del editor, distribuidor, etc. [s.n.],
Fecha de publicación, distribución, etc. 1883 (
Fabricante Impr. de Luis Tasso Serra)
300 ## - DESCRIPCIÓN FÍSICA
Extensión 249 p. :
Otras características físicas il. ;
Dimensiones 23 cm.
594 #1 - Nota al título y mención de responsabilidad
Nota al título y mención de responsabilidad Obra que refon l'escrita per Rudolf Erich Raspe i les posteriors reelaboracions de Gottfried August Burger i Karl Lebrecht Immermann (B)
700 ## - ENTRADA AGREGADA--NOMBRE PERSONAL
Nombre de persona Raspe, Rudolf Erich,
Fechas asociadas al nombre 1737-1794
9 (RLIN) 221692
700 1# - ENTRADA AGREGADA--NOMBRE PERSONAL
Nombre de persona Bürger, Gottfried August,
Fechas asociadas al nombre 1747-1794
9 (RLIN) 126270
700 1# - ENTRADA AGREGADA--NOMBRE PERSONAL
Nombre de persona Immermann, Karl Lebrecht,
Fechas asociadas al nombre 1796-1840
9 (RLIN) 128167
700 ## - ENTRADA AGREGADA--NOMBRE PERSONAL
Nombre de persona Navarro, Cecilio,
Fechas asociadas al nombre m. 1889
Término indicativo de función/relación
9 (RLIN) 221695
752 ## - ENTRADA AGREGADA--NOMBRE JERÁRQUICO DEL LUGAR
País o entidad superior España -
Ciudad Barcelona
852 ## - LOCALIZACIÓN
Ubicación ES-MaACL
Número de control de estantería D-1671
Nota libre -- Rúst.
Encuadernación -- Edic.: corregir T300 252 p.
Existencias
Estatus retirado Estado de pérdida Estado de daño No para préstamo Colección Biblioteca de origen Biblioteca actual Ubicación en estantería Fecha de adquisición Fuente de adquisición Total de préstamos Signatura topográfica completa Código de barras Visto por última vez Precio de reemplazo Tipo de ítem Koha
        Libros del s. XIX Biblioteca del Ateneo de Madrid Biblioteca del Ateneo de Madrid Sala Valle Inclán 17/01/2008     D-1671 901158249 23/02/2023 23/02/2023 Libro impreso antiguo